Koncepce konjunkturálních průzkumů (anket) v podnikové sféře od roku 1991.

Zabezpečenie konjunkturálnych prieskumov z hľadiska metodiky, prevádzky, spracovania a publikovania výsledkov od r. 1991 v ČSFR. Súbor skúmaných podnikov. Oblasť a periodicita skúmania. Dotazník a obsahová stránka konjunkturálneho prieskumu. Základné spôsoby vyhodnocovania a spracovania výsledkov ko...

Descrizione completa

Salvato in:
Dettagli Bibliografici
Autore principale: Hörmannová, M.
Altri autori: Poláková, A.
Natura: Capitolo di libro
Lingua:ceco
Soggetti:
Tags: Aggiungi Tag
Nessun Tag, puoi essere il primo ad aggiungerne!!

MARC

LEADER 00000naa a2200000 4500
001 r005211
005 20221125081334.9
041 0 |a cze 
044 |a [CS] 
245 1 0 |a Koncepce konjunkturálních průzkumů (anket) v podnikové sféře od roku 1991.  |c M. Hörmannová, A. Poláková 
520 |a Zabezpečenie konjunkturálnych prieskumov z hľadiska metodiky, prevádzky, spracovania a publikovania výsledkov od r. 1991 v ČSFR. Súbor skúmaných podnikov. Oblasť a periodicita skúmania. Dotazník a obsahová stránka konjunkturálneho prieskumu. Základné spôsoby vyhodnocovania a spracovania výsledkov konjunkturálnych textov. Spolupráca s VÚSEI-AR Bratislava. 
610 2 0 |a ankety 
610 2 0 |a zisťovanie štatistické 
610 2 0 |a podnik 
610 2 0 |a ČSFR 
610 2 0 |a dotazníky 
610 2 0 |a zmeny štruktúrne 
610 2 0 |a 1991 
100 1 |a Hörmannová, M. 
700 1 |a Poláková, A.